Skip to content
VuFind
All Fields
Title
Author
Subject
Call Number
ISBN/ISSN
Tag
Find
Advanced
Bookworm short stories
Cite this
Print
Export Record
Export to RefWorks
Export to EndNoteWeb
Export to EndNote
Export to MARC
Bookworm short stories
Bibliographic Details
Format:
Book
Holdings
Description
Similar Items
Staff View
MARC
LEADER
00000cam a2200000 7i4500
001
0000009163
002
000009979
005
20000330.0
020
|a
T000000743
090
0
0
|a
JF
|b
BOO
245
1
0
|a
Bookworm short stories
999
|a
050701
|b
BUKU
|c
PINJAMAN
|e
PERPUSTAKAAN KOMUNITI PETALING JAYA
Similar Items
Bookworm short stories
Published: (1994)
Bookworm short stories 3
Published: (1990)
Bookworm short Stories 30
Published: (1990)
Bookworm short stories 38
Published: (1994)
Bookworm short stories 44
Published: (1992)